02290cas a2200445 450000100090000000300060000900500170001500700030003200800410003501000170007601600180009302200170011103500240012803700790015204001340023104200140036505000170037908200130039621000150040922200400042424500160046426000630048030000210054331000140056436200130057844000290059150000310062050000990065150006770075053000300142761000500145765000270150765000320153465000290156670000310159571000360162677600600166277600500172278000720177211171742AUA.120130507163120.0t|731115c19739999kyuqr p 0 a0eng  a 73644873 7 a0117649692Uk a0091-829621 a(OCoLC)ocm01787681  bLorraine Pellon, Business Manager, P.O. Box 1041, New Canaan, Conn., 06840 aDLCbengcDLCdOCoLCdNSDPdNSTdAIPdNSDPdNSTdMHdOCoLCdDLCdOCoLCdATLAdOCoLCdCaQQLdZP2dOCoLCdUKMGBdUkLSOAdOCoLCdDLC apccansdp00aBV2000b.M5504a266/.0070 aMissiology 0aMissiology: An international review00aMissiology. a[Wilmore, Ky, etc.,bAmerican Society of Missiology]c2008 av.bill.c23 cm. aQuarterly0 aApr 2008 aMissiologyvVol.36, No.2 a"An international review." aVols. for published for the American Society of Missiology by Sage Publications. aArticles: What I learned about Christianity from the Druids: an evangelical encounter with a pagan religion; Toward a contextualized astrological apologetic, with a case study for booth ministry outreach; I am a witch in the Holy Spirit: rupture and continuity of witchcraft beliefs in African Christianity; A sense of history and apologetics in Hindu context; Charisma in a mission context: the case of George Leslie MacKay in Taiwan; Zinzendorf and the early Moravians: pioneers in leadership selection and training; Popular notions of the missionary task in a post-missionary era: a hopeful response to the images of missionaries depicted in twentieth century novels;  aAlso issued in online ed.24aAmerican Society of Missiology.vPeriodicals. 0aMissionsvPeriodicals. 6aMissiologievPériodiques. 6aMissionsvPériodiques. aJ. Nelson JenningseEditor2 aAmerican Society of Missiology.1 tMissiology (Online)w(DLC) 2004221990w(OCoLC)5734693608iOnline version:tMissiologyw(OCoLC)75993361302tPractical anthropologyx0032-633Xw(DLC) 63038045w(OCoLC)1762756